| 000 | 00669nam a2200217 a 4500 | ||
|---|---|---|---|
| 999 |
_c2502 _d2502 |
||
| 001 | 2502 | ||
| 003 | BD-JhCC | ||
| 005 | 20171105181740.0 | ||
| 008 | 171104s1376 bg |||| ||a| 000 0 ben d | ||
| 035 | _a(BD-JhCC)2502 | ||
| 040 |
_aBD-JhCC _dBD-JhCC |
||
| 041 | _aben | ||
| 082 |
_a891.4409 _bAMA 1376 |
||
| 245 |
_aআমাদের সাহিত্য / _cসরদার ফজলুল করিম (সম্পা.) |
||
| 260 |
_aঢাকা : _bবাংলা একাডেমী, _c1376. |
||
| 300 |
_a323 p. : _c22 cm. |
||
| 650 | _aBengali Literature | ||
| 700 | _aকরিম, সরদার ফজলুল | ||
| 942 |
_2ddc _cBK |
||